Statistics for Mark Wahlberg Movies

Click here to take the quiz!

General Stats

  • This quiz has been taken 1,740 times
    (1,384 since last reset)
  • The average score is 9 of 32

Answer Stats

YearMovie% Correct
2012Ted
68%
2006The Departed
58%
2010The Other Guys
58%
2007Shooter
48%
2013Pain & Gain
47%
1997Boogie Nights
44%
2010The Fighter
44%
2005Four Brothers
41%
2003The Italian Job
37%
2013Lone Survivor
36%
20132 Guns
32%
1996Fear
30%
2012Contraband
29%
2008The Happening
26%
2001Planet of the Apes
25%
2006Invincible
23%
1995The Basketball Diaries
23%
1999Three Kings
23%
2008Max Payne
21%
2000The Perfect Storm
19%
2010Date Night
18%
2001Rock Star
17%
2013Broken City
16%
2007We Own The Night
15%
1998The Big Hit
14%
2009The Lovely Bones
14%
2004I Heart Huckabees
12%
1994Army Intelligence
11%
2002The Truth About Charlie
10%
1999The Corruptor
9%
1999The Yards
9%
1997Traveller
7%

Score Distribution

Percentile by Number Answered

Percent of People with Each Score

Your Score History

You have not taken this quiz since the last reset